Multiply Easily in 30 seconds - Statistics

General Stats
  • This quiz has been taken 36 times
  • The average score is 14 of 15
Answer Stats
Equation Answer % Correct
2x2 4
100%
2x3 6
100%
11x1 11
97%
3x4 12
97%
3x9 27
97%
7x4 28
97%
21x2 42
97%
5x1 5
97%
7x9 63
97%
2x4 8
97%
9x9 81
97%
10x10 100
93%
3x8 24
93%
3x11 33
93%
12x10 120
90%
No matching quizzes found
Score Distribution
Percent of People with Each Score
Percentile by Number Answered
Your Score History
You have not taken this quiz